Vista normal
Vista MARC
Entrada Nombre corporativo
Número de registros utilizados en: 1
001 - NÚMERO DE CONTROL
- campo de control: 88102
003 - IDENTIFICADOR DEL NÚMERO DE CONTROL
- campo de control: DO-SdBNP
005 - FECHA Y HORA DE LA ÚLTIMA TRANSACCIÓN
- campo de control: 20250613103501.0
008 - DATOS DE LONGITUD FIJA
- campo de control de longitud fija: 250613|| aca||aabn | a|a d
040 ## - FUENTE DE LA CATALOGACIÓN
- Centro catalogador/agencia de origen: DO-SdBNP
- Centro/agencia transcriptor: DO-SdBNP
110 ## - ENCABEZAMIENTO-NOMBRE DE ENTIDAD CORPORATIVA
- Nombre de entidad corporativa o nombre de jurisdicción como elemento de entrada: Universidad Autónoma de Santo Domingo.
- Unidad subordinada: Facultad de Ciencias Económicas y Sociales.
- Unidad subordinada: Escuela de Estadística
670 ## - FUENTE DE DATOS ENCONTRADOS
- Cita de la fuente: Work cat.: (DO-SdBNP)59275: Universidad Autónoma de Santo Domingo. Facultad de Ciencias Económicas y Sociales. Escuela de Estadística., Actualidad estadística /, 2011 .
